Scholastikové a merkantilisté
Porovnanie učenia scholastikov a merkantilistov. Hlavní predstavitelia týchto učení. Rozdiely v názoroch na spoločenský blahobyt, súkromné vlastníctvo, spravodlivosť, ceny, náklady, pracovné úsilie, obchod, peniaze, národné bohatstvo, zahraničný obchod, populáciu, teóriu hodnoty.
Saved in:
| Main Author: | |
|---|---|
| Format: | Book Chapter |
| Language: | Czech |
| Subjects: | |
| Tags: |
No Tags, Be the first to tag this record!
|
MARC
| LEADER | 00000naa a2200000 4500 | ||
|---|---|---|---|
| 001 | r015761 | ||
| 005 | 20221205090739.5 | ||
| 041 | 0 | |a cze | |
| 044 | |a CZ | ||
| 245 | 1 | 0 | |a Scholastikové a merkantilisté |c R. Holman |
| 520 | |a Porovnanie učenia scholastikov a merkantilistov. Hlavní predstavitelia týchto učení. Rozdiely v názoroch na spoločenský blahobyt, súkromné vlastníctvo, spravodlivosť, ceny, náklady, pracovné úsilie, obchod, peniaze, národné bohatstvo, zahraničný obchod, populáciu, teóriu hodnoty. | ||
| 610 | 2 | 0 | |a smery filozofické |
| 610 | 2 | 0 | |a teórie ekonomické |
| 610 | 2 | 0 | |a Aquinský, T. |
| 610 | 2 | 0 | |a vlastníctvo súkromné |
| 610 | 2 | 0 | |a merkantilizmus |
| 610 | 2 | 0 | |a Mun, T. |
| 610 | 2 | 0 | |a Petty, W. |
| 610 | 2 | 0 | |a ceny |
| 610 | 2 | 0 | |a náklady |
| 610 | 2 | 0 | |a obchod |
| 610 | 2 | 0 | |a bohatstvo národné |
| 610 | 2 | 0 | |a peniaze |
| 610 | 2 | 0 | |a populácia |
| 610 | 2 | 0 | |a regulácia hospodárska |
| 610 | 2 | 0 | |a teória hodnoty pracovná |
| 100 | 1 | |a Holman, R. | |